Countries by Time Zones - Statistics

General Stats
  • This quiz has been taken 83 times
  • The average score is 27 of 38
Answer Stats
UTC Country % Correct
+1 Albania | Algeria | Andorra | Angola | Austria | Belgium | Benin | Bosnia and Herzegovina | Cameroon | Central African Republic | Chad | Croatia | Czech Republic | Democratic Republic of the Congo | Denmark | Equatorial Guinea | France | Gabon | Germany | Hungary | Italy | Kosovo | Liechtenstein | Luxembourg | Malta | Monaco | Montenegro | Morocco | Netherlands | Niger | Nigeria | North Macedonia | Norway | Poland | Republic of the Congo | San Marino | Serbia | Slovakia | Slovenia | Spain | Sweden | Switzerland | Tunisia | United Kingdom | Vatican City
88%
+2 Botswana | Burundi | Bulgaria | Cyprus | Democratic Republic of the Congo | Estonia | Eswatini | Finland | Greece | Israel | Latvia | Lebanon | Lesotho | Libya | Lithuania | Malawi | Moldova | Mozambique | Namibia | Romania | Russia | Rwanda | South Africa | South Sudan | Sudan | Ukraine | Zambia | Zimbabwe
87%
0 Burkina Faso | Denmark | Gambia | Ghana | Guinea | Guinea-Bissau | Iceland | Ireland | Ivory Coast | Liberia | Mali | Mauritania | Portugal | Sao Tome and Principe | Senegal | Sierra Leone | Spain | Togo | United Kingdom
87%
+3 Bahrain | Belarus | Comoros | Djibouti | Egypt | Eritrea | Ethiopia | France | Jordan | Iraq | Kenya | Kuwait | Madagascar | Qatar | Russia | Saudi Arabia | Somalia | Syria | Tanzania | Turkey | Uganda | Ukraine | Yemen
86%
-5 Brazil | Canada | Chile | Colombia | Ecuador | Jamaica | Mexico | Panama | Peru | United Kingdom | United States
86%
-10 France | New Zealand | United States
86%
-12 United States
86%
-7 Canada | Mexico | United States
84%
-4 Antigua and Barbuda | Bahamas | Barbados | Bolivia | Brazil | Canada | Cuba | Dominica | Dominican Republic | France | Grenada | Guyana | Haiti | Netherlands | Saint Kitts and Nevis | Saint Lucia | Saint Vincent and the Grenadines | Trinidad and Tobago | United States | Venezuela
83%
+5 Kazakhstan | Maldives | Pakistan | Russia | Tajikistan | Turkmenistan | Uzbekistan
83%
+8 Australia | Brunei | China | Indonesia | Malaysia | Mongolia | Philippines | Russia | Singapore | Taiwan
81%
-6 Belize | Canada | Costa Rica | Ecuador | El Salvador | Guatemala | Honduras | Mexico | Nicaragua | United States
81%
-9 France | United States
81%
-3 Argentina | Brazil | Canada | Chile | Denmark | France | Paraguay | Suriname | United Kingdom | Uruguay
80%
+9 East Timor | Japan | Indonesia | North Korea | Palau | Russia | South Korea
80%
-11 New Zealand | United States
80%
+4 Armenia | Azerbaijan | Georgia | Mauritius | Oman | Russia | Seychelles | United Arab Emirates
78%
-8 United Kingdom | United States
78%
+6 Bangladesh | Bhutan | Kyrgyzstan | Russia | United Kingdom
77%
+7 Australia | Cambodia | Indonesia | Laos | Mongolia | Russia | Thailand | Vietnam
75%
+10 Australia | Federated States of Micronesia | Papua New Guinea | Russia | United States
71%
-2 Brazil | Denmark | France | United Kingdom
71%
+5:30 India | Sri Lanka
71%
+12 Fiji | France | Kiribati | Marshall Islands | Nauru | New Zealand | Russia | Tuvalu | United States
70%
+11 Australia | Federated States of Micronesia | France | Russia | Solomon Islands | Vanuatu
68%
-1 Cape Verde | Portugal
67%
+13 Kiribati | New Zealand | Samoa | Tonga
62%
+5:45 Nepal
61%
+10:30 Australia
58%
+14 Kiribati
57%
+9:30 Australia
55%
+3:30 Iran
54%
-9:30 France
49%
+4:30 Afghanistan
46%
+6:30 Australia | Myanmar
46%
-2:30 Canada
43%
+13:45 New Zealand
43%
+8:45 Australia
42%
No matching quizzes found
Score Distribution
Percent of People with Each Score
Percentile by Number Answered
Your Score History
You have not taken this quiz